000 00582nam a2200217Ia 4500
003 0100
008 130303s9999 xx 000 0 und d
040 _cARRUPELIB
050 _aLB41.C18
100 _aCahn, Steven M.
245 4 _aThe philosophical foundations of education
260 _aNew York
260 _bHarper and Row
260 _C1970
300 _a433p.
300 _b 23cm.
650 _bCommonwealth literature (English)
650 _cCommonwealth countries--Literature collections
650 _dEnglish literature--Foreign countries
942 _2lcc
_02
999 _c65569
_d65569